| 000 | 01052nam a2200301Ia 4500 | ||
|---|---|---|---|
| 001 | u24019 | ||
| 003 | SIRSI | ||
| 005 | 20180219123824.0 | ||
| 007 | heabmb|||bacu | ||
| 008 | 000306s1976 ua a bb 000 0 eng d | ||
| 039 | 9 |
_a200306091400 _bsafaa _y200203190951 _zload |
|
| 040 | _aEAL | ||
| 041 |
_aeng _bara |
||
| 090 |
_aThesis _bS-768 |
||
| 100 | 1 | _aHussein, Fathy Nageeb. | |
| 245 | 1 | 0 |
_aStudies on some storage diseases of onion _h[microform] / _cby Fathy Nageeb Hussein. |
| 246 | 1 | 5 | _aدراسات على بعض أمراض التخزين التي تصيب البصل. |
| 260 | _c1976. | ||
| 300 |
_a116, 3 leaves : _bill. ; _c30 cm. |
||
| 502 | _aThesis(M.S.)--Assiut University, 1976. | ||
| 504 | _aIncludes bibliographical references (leaves 104-116). | ||
| 533 |
_aMicrofiche. _bCario, Egypt : _cASUNET, _e2 microfihes : negative. |
||
| 546 | _aSummary in Arabic. | ||
| 596 | _a1 | ||
| 650 | 0 |
_aOnions _xStorage _xDiseases and injuries. |
|
| 650 | 0 |
_aOnions _xDiseases and pests |
|
| 942 |
_cMIC _2lcc |
||
| 999 |
_c4507 _d4507 |
||